[Event "SWE-chT 9596"]
[Site "Sweden"]
[Date "1996.??.??"]
[Round "?"]
[White "Engsner, Joakim"]
[Black "Holst, Conny"]
[Result "0-1"]
[WhiteElo "2265"]
[BlackElo "2205"]
[PlyCount "64"]
[EventDate "1995.??.??"]
[EventType "team-tourn"]
[EventRounds "9"]
[EventCountry "SWE"]
[SourceTitle "EXT 1998"]
[Source "ChessBase"]
[SourceDate "1997.11.17"]
[SourceVersion "1"]
[SourceVersionDate "1997.11.17"]
[SourceQuality "1"]

1. e4 c5 2. Nf3 d6 3. d4 cxd4 4. Nxd4 Nf6 5. Nc3 a6 6. f4 Qc7 7. Nf3 Nbd7 8. Bd3 e6 9. a4 Be7 10. 0-0 b6 11. Qe1 Bb7 12. Kh1 Nc5 13. e5 dxe5 14. fxe5 Ng4 15. Qg3 h5 16. Bf4 Rd8 17. Be2 Rd7 18. Rae1 Bc6 19. Ng1 g5 20. Bxg4 hxg4 21. Bc1 f5 22. Be3 Ne4 23. Nxe4 Bxe4 24. Re2 Bf6 25. Bxb6 Qxe5 26. Bf2 Rdh7 27. Qxe5 Bxe5 28. h3 gxh3 29. Rxe4 hxg2+ 30. Kxg2 fxe4 31. Rc1 Rh2+ 32. Kf1 Rf8 0-1

[Event "Gothenburg INT"]
[Site "Gothenburg"]
[Date "1994.??.??"]
[Round "1"]
[White "Dinstuhl, Volkmar"]
[Black "Engsner, Joakim"]
[Result "1/2-1/2"]
[WhiteElo "2365"]
[BlackElo "2235"]
[PlyCount "142"]
[EventDate "1994.??.??"]
[EventType "tourn"]
[EventRounds "9"]
[EventCountry "SWE"]
[EventCategory "4"]
[SourceTitle "EXT 2001"]
[Source "ChessBase"]
[SourceDate "2000.11.22"]
[SourceVersion "1"]
[SourceVersionDate "2000.11.22"]
[SourceQuality "1"]

1. d4 Nf6 2. c4 g6 3. Nc3 d5 4. Bf4 Bg7 5. e3 c5 6. dxc5 Qa5 7. Rc1 dxc4 8. Bxc4 0-0 9. Nge2 Qxc5 10. Qb3 Qa5 11. 0-0 Na6 12. a3 Nc5 13. Qa2 Ne6 14. Bg3 a6 15. Rfd1 b5 16. b4 Qb6 17. Nd5 Nxd5 18. Bxd5 Bb7 19. Bb3 Rac8 20. Bh4 Rxc1 21. Rxc1 Qd6 22. Nc3 Rc8 23. Rd1 Qe5 24. Nd5 Bxd5 25. Bxd5 Qh5 26. Bb3 Qxh4 27. Bxe6 Rf8 28. Bd5 Qf6 29. Rc1 Qb2 30. Bxf7+ Kh8 31. Rc2 Rd8 32. g3 Qxa2 33. Bxa2 Bf6 34. Be6 Kg7 35. Bc8 Rd6 36. Rc7 Kf7 37. Ra7 Bb2 38. Bxa6 Bxa3 39. Bxb5 Bxb4 40. Bc4+ Kf6 41. Ra8 Rc6 42. Rf8+ Ke5 43. Bg8 h6 44. Bh7 Rf6 45. Rg8 g5 46. Rb8 Bc5 47. Kg2 Kd6 48. Be4 Ke5 49. Rb5 Kd6 50. Rb3 Ke5 51. Rc3 Bb6 52. Rc4 Kd6 53. Bb7 Bc5 54. Kf1 Rf8 55. Rc3 Rb8 56. Rd3+ Kc7 57. Be4 Rb4 58. Bf5 Rb8 59. Rd5 Bd6 60. Bg4 Rf8 61. Kg2 Kc6 62. Bf3 Kd7 63. Be4 Rb8 64. Rf5 Ke6 65. g4 Be5 66. h4 Rb4 67. Bf3 Bf6 68. hxg5 hxg5 69. Bd5+ Kd6 70. f4 gxf4 71. exf4 Rb5 1/2-1/2

[Event "Gothenburg INT"]
[Site "Gothenburg"]
[Date "1994.??.??"]
[Round "4"]
[White "Petkevich, Jusefs"]
[Black "Engsner, Joakim"]
[Result "1/2-1/2"]
[WhiteElo "2445"]
[BlackElo "2235"]
[PlyCount "119"]
[EventDate "1994.??.??"]
[EventType "tourn"]
[EventRounds "9"]
[EventCountry "SWE"]
[EventCategory "4"]
[SourceTitle "EXT 2001"]
[Source "ChessBase"]
[SourceDate "2000.11.22"]
[SourceVersion "1"]
[SourceVersionDate "2000.11.22"]
[SourceQuality "1"]

1. d4 d5 2. c4 c6 3. Nf3 Nf6 4. Qc2 g6 5. e3 Bg7 6. Nc3 0-0 7. Be2 c5 8. cxd5 cxd4 9. Nxd4 Nxd5 10. Nxd5 Qxd5 11. Bf3 Qa5+ 12. Bd2 Qa6 13. Bc3 e5 14. Be2 Qb6 15. Nb5 a6 16. Bb4 Rd8 17. Qc7 Qxc7 18. Nxc7 Ra7 19. Rc1 Bf8 20. Bxf8 Kxf8 21. 0-0 b5 22. Rfd1 Rxd1+ 23. Bxd1 Bd7 24. Nd5 Be6 25. Bb3 Kg7 26. e4 a5 27. a3 Ra6 28. a4 b4 29. f3 Rc6 30. Rxc6 Nxc6 31. Kf2 Nd4 32. Bc4 Bd7 33. Nb6 Be8 34. Ke3 g5 35. Bd5 Kf8 36. Nc4 f6 37. Nb6 h5 38. g3 Ke7 39. f4 Bc6 40. Nc4 gxf4+ 41. gxf4 Bxa4 42. fxe5 fxe5 43. Nxe5 Nc2+ 44. Kd2 Na1 45. h4 Bb3 46. Bxb3 Nxb3+ 47. Ke3 Kd6 48. Nd3 Nc5 49. Nxc5 Kxc5 50. b3 Kb5 51. e5 Kc5 52. Ke4 Kb6 53. Kd4 Kb5 54. Kd5 Kb6 55. e6 Kc7 56. Kc5 a4 57. Kxb4 axb3 58. Kxb3 Kd6 59. Kc4 Kxe6 60. Kd4 1/2-1/2

[Event "SWE-chT 9293"]
[Site "Sweden"]
[Date "1993.??.??"]
[Round "9"]
[White "Engsner, Joakim"]
[Black "Schutz, Ingemar"]
[Result "1-0"]
[WhiteElo "2235"]
[BlackElo "2205"]
[PlyCount "66"]
[EventDate "1992.??.??"]
[EventType "team-tourn"]
[EventRounds "9"]
[EventCountry "SWE"]
[SourceTitle "EXT 2000"]
[Source "ChessBase"]
[SourceDate "1999.11.16"]
[SourceVersion "1"]
[SourceVersionDate "1999.11.16"]
[SourceQuality "1"]

1. e4 c5 2. Nf3 d6 3. d4 cxd4 4. Nxd4 Nf6 5. Nc3 Nc6 6. Bg5 e6 7. Qd2 a6 8. 0-0-0 Bd7 9. f3 Rc8 10. h4 Qa5 11. Kb1 b5 12. Nxc6 Rxc6 13. Ne2 b4 14. Nd4 Rc8 15. g4 Ba4 16. Be3 Nd7 17. Rc1 Nc5 18. h5 Bd7 19. g5 Be7 20. Bh3 Na4 21. Nb3 Qe5 22. Qd4 Qxd4 23. Nxd4 Nc5 24. g6 hxg6 25. hxg6 0-0 26. Rcg1 fxg6 27. Rxg6 Rf6 28. Rg3 Rcf8 29. Bg4 Nxe4 30. fxe4 Rf1+ 31. Rxf1 Rxf1+ 32. Bc1 Bh4 33. Rg2 Bg5 1-0

[Event "SWE-chT 9293"]
[Site "Sweden"]
[Date "1992.??.??"]
[Round "6"]
[White "Bergstrom, Magnus"]
[Black "Engsner, Joakim"]
[Result "1-0"]
[WhiteElo "2285"]
[BlackElo "2235"]
[PlyCount "93"]
[EventDate "1992.??.??"]
[EventType "team-tourn"]
[EventRounds "9"]
[EventCountry "SWE"]
[SourceTitle "EXT 2006"]
[Source "ChessBase"]
[SourceDate "2005.11.24"]
[SourceVersion "1"]
[SourceVersionDate "2005.11.24"]
[SourceQuality "1"]

1. c4 c5 2. Nc3 Nc6 3. Nf3 e5 4. g3 g6 5. Bg2 Bg7 6. 0-0 d6 7. Ne1 Be6 8. d3 Nge7 9. Nc2 d5 10. cxd5 Nxd5 11. Ne4 b6 12. Ng5 Bc8 13. Ne3 Nde7 14. a3 h6 15. Ne4 Rb8 16. b4 f5 17. Nc3 0-0 18. bxc5 bxc5 19. Qa4 Na5 20. Rb1 Rxb1 21. Nxb1 Bd7 22. Qc2 Qb6 23. Nd5 Nxd5 24. Bxd5+ Kh7 25. Be3 Rc8 26. Rc1 Qd6 27. Ba2 Nb7 28. Nd2 Be6 29. Bxe6 Qxe6 30. f3 Qd5 31. Qa4 a5 32. Rb1 Nd6 33. Rb6 Rc7 34. Qxa5 f4 35. Bf2 Nf5 36. Rb5 Nd4 37. Qxc7 Nxb5 38. Qxc5 Qa2 39. Ne4 Nxa3 40. Qe7 g5 41. h4 gxh4 42. gxf4 Qa1+ 43. Kh2 exf4 44. Bxh4 Qb2 45. Nf6+ Kg6 46. Qe8+ Kf5 47. Qe4# 1-0

[Event "Rilton Cup 22nd"]
[Site "Stockholm"]
[Date "1992.??.??"]
[Round "1"]
[White "Dzevlan, Miralem"]
[Black "Engsner, Joakim"]
[Result "0-1"]
[WhiteElo "2395"]
[BlackElo "2235"]
[PlyCount "112"]
[EventDate "1992.12.??"]
[EventType "swiss"]
[EventRounds "9"]
[EventCountry "SWE"]
[SourceTitle "TD"]
[Source "ChessBase"]
[SourceDate "1994.03.01"]
[SourceVersion "1"]
[SourceVersionDate "1994.03.01"]
[SourceQuality "1"]

1. d4 Nf6 2. c4 g6 3. Nc3 d5 4. cxd5 Nxd5 5. e4 Nxc3 6. bxc3 Bg7 7. Be3 c5 8. Qd2 Qa5 9. Rb1 a6 10. Rc1 cxd4 11. cxd4 Qxd2+ 12. Kxd2 0-0 13. Nf3 e6 14. Bc4 Nc6 15. Ke2 Bd7 16. d5 exd5 17. Bxd5 Nb4 18. Bc4 Rfc8 19. Nd2 Bb5 20. Bxb5 axb5 21. Rxc8+ Rxc8 22. a3 Nc2 23. Rc1 Bf8 24. Nb1 Rc4 25. Rd1 Rxe4 26. Rd5 b4 27. axb4 Nxe3 28. fxe3 Rxb4 29. Nc3 Rb2+ 30. Kf3 Kg7 31. Nb5 b6 32. Nc7 Bc5 33. Rd7 Kf6 34. Rd3 h5 35. h4 Ra2 36. Nd5+ Ke5 37. Nf4 Ra3 38. Rd5+ Kf6 39. Nd3 Ke6 40. Rd8 Ra7 41. Nf4+ Ke7 42. Rd3 Rd7 43. Nd5+ Kd8 44. e4 Kc8 45. e5 Kb7 46. Ke4 Kc6 47. Rf3 Rxd5 48. Rf6+ Bd6 49. exd6 Rxd6 50. Rxf7 b5 51. Rf8 Kc5 52. Rc8+ Kb4 53. g4 hxg4 54. Kf4 Ka3 55. Ra8+ Kb3 56. Kxg4 b4 0-1

[Event "SWE-chT 9293"]
[Site "Sweden"]
[Date "1992.??.??"]
[Round "4"]
[White "Engsner, Joakim"]
[Black "Cicak, Slavko"]
[Result "0-1"]
[WhiteElo "2235"]
[BlackElo "2310"]
[PlyCount "68"]
[EventDate "1992.??.??"]
[EventType "team-tourn"]
[EventRounds "9"]
[EventCountry "SWE"]
[SourceTitle "EXT 2006"]
[Source "ChessBase"]
[SourceDate "2005.11.24"]
[SourceVersion "1"]
[SourceVersionDate "2005.11.24"]
[SourceQuality "1"]

1. e4 c5 2. Nf3 d6 3. d4 cxd4 4. Nxd4 Nf6 5. Nc3 Nc6 6. Be2 e6 7. Be3 Be7 8. 0-0 0-0 9. f4 a6 10. Kh1 Qc7 11. Qe1 Nxd4 12. Bxd4 b5 13. e5 dxe5 14. Bxe5 Qa7 15. Bd3 Ng4 16. Qg3 f5 17. h3 Nxe5 18. fxe5 Kh8 19. Ne2 g5 20. b4 Bb7 21. a4 Qb6 22. Qf2 Qxf2 23. Rxf2 Bxb4 24. axb5 axb5 25. Rb1 Bc5 26. Rff1 b4 27. c3 Ra3 28. cxb4 Bb6 29. Rfd1 Rd8 30. Nc1 Rc3 31. Kh2 Be3 32. Be2 Bf4+ 33. Kg1 Rxd1+ 34. Bxd1 Rxc1 0-1

[Event "Rilton Cup 22nd"]
[Site "Stockholm"]
[Date "1992.??.??"]
[Round "2"]
[White "Engsner, Joakim"]
[Black "Hellers, Ferdinand"]
[Result "0-1"]
[WhiteElo "2235"]
[BlackElo "2500"]
[PlyCount "112"]
[EventDate "1992.12.??"]
[EventType "swiss"]
[EventRounds "9"]
[EventCountry "SWE"]
[SourceTitle "TD"]
[Source "ChessBase"]
[SourceDate "1994.03.01"]
[SourceVersion "1"]
[SourceVersionDate "1994.03.01"]
[SourceQuality "1"]

1. e4 c5 2. Nf3 d6 3. d4 cxd4 4. Nxd4 Nf6 5. Nc3 a6 6. f4 e6 7. Bd3 Nbd7 8. Nf3 Qc7 9. 0-0 g6 10. Qe1 Bg7 11. Kh1 0-0 12. Qh4 b5 13. a3 Bb7 14. f5 Rae8 15. Bh6 d5 16. fxg6 fxg6 17. Bxg7 Kxg7 18. Rac1 Nc5 19. exd5 exd5 20. Nd4 Nce4 21. Bxe4 dxe4 22. Qg5 Qe5 23. Qxe5 Rxe5 24. Kg1 Rd8 25. Rcd1 Rd7 26. Rfe1 g5 27. Re3 Kg6 28. h3 h5 29. g3 Re8 30. Ree1 Bc8 31. Kg2 Red8 32. Nb3 Rxd1 33. Rxd1 Rxd1 34. Nxd1 Nd5 35. Nd4 Kf6 36. b3 Ke5 37. Ne2 Be6 38. h4 gxh4 39. gxh4 e3 40. Ndc3 Nxc3 41. Nxc3 Bf5 42. Kf3 Bxc2 43. Kxe3 Bxb3 44. Ne2 Bf7 45. Nf4 Kf5 46. Kf3 a5 47. Nd3 Bc4 48. Nb2 Bd5+ 49. Ke3 Kg4 50. Kd4 Bc6 51. Ke5 Kxh4 52. Kf4 Kh3 53. Nd3 h4 54. Ne1 b4 55. axb4 axb4 56. Ke3 Kg3 0-1

[Event "Rilton Cup 18th"]
[Site "Stockholm"]
[Date "1988.??.??"]
[Round "?"]
[White "Hartman, Christer"]
[Black "Engsner, Joakim"]
[Result "0-1"]
[WhiteElo "2350"]
[BlackElo "2200"]
[PlyCount "68"]
[EventDate "1988.12.??"]
[EventType "swiss"]
[EventRounds "9"]
[EventCountry "SWE"]
[SourceTitle "CBM 011"]
[Source "ChessBase"]
[SourceDate "1989.08.01"]
[SourceVersion "1"]
[SourceVersionDate "1989.08.01"]
[SourceQuality "1"]

1. d4 d5 2. Nc3 Nf6 3. Bg5 Nbd7 4. Nf3 g6 5. e3 Bg7 6. Ne5 0-0 7. f4 c6 8. Nf3 Qb6 9. Qc1 c5 10. Be2 cxd4 11. Nxd4 Ne4 12. Nxe4 dxe4 13. c3 e5 14. fxe5 Nxe5 15. 0-0 f5 16. Qc2 Kh8 17. c4 Nd3 18. c5 Qxc5 19. Qxc5 Nxc5 20. Be7 Ne6 21. Bxf8 Bxf8 22. Bc4 Nxd4 23. exd4 Bd7 24. a4 b6 25. g3 Bg7 26. Rfd1 Rd8 27. Ra2 g5 28. b3 f4 29. gxf4 gxf4 30. Rg2 Bh3 31. Rg5 e3 32. Bf1 Bxd4 33. Bc4 e2+ 34. Rxd4 e1Q+ 0-1